00932pab a2200169 454500008004000000100002300040245007000063260000900133300001400142362000800156520041900164650001400583773003400597909001000631999001700641952010400658180718b2003 xxu||||| |||| 00| 0 eng d aSingh, Ujjal Kumar aDemocratic dilemmas: can democracy do without extraordinary laws? c2003 ap.437-40. aFeb aThe debates over coercive, extraordinary laws before and after independence raise some crucial questions on the inherent fragility of the democratic dilemma - the assertion of authority at the expense of citizens' liberty. It is necessary to look at the various strands of the debate, to see how they define democratic politics and what constiutes the idea of the undemocratic and the extraordinary. - Reproduced. aDemocracy aEconomic and Political Weekly a55417 c55417d55417 00104070aIIPAbIIPAd2018-07-19hVolume no: 38, Issue no: 5pAR55862r2018-07-19w2018-07-19yAR